| 000 | 00886nas a2200289 4500 | ||
|---|---|---|---|
| 001 | BR2015007068 | ||
| 003 | BR-BrBNA | ||
| 005 | 20231205125951.0 | ||
| 007 | ta | ||
| 008 | 230509b bl.|||p| |||| 00| 00por d | ||
| 040 |
_aBR-BrBNA _bpor _cBiblioteca Nacional de Agricultura |
||
| 041 | _a(Pt) | ||
| 072 | _aK10 | ||
| 100 | 1 | _aLana, M.D. | |
| 100 | 1 | _aPéllico Netto, S. | |
| 100 | 1 | _aCorte, A.P.D. | |
| 100 | 1 | _aSanquetta, C.R. | |
| 100 | 1 | _aBrandão, C.F.L. e S. | |
| 245 | 1 | _aProjeção diamétrica por razão de movimentação em um fragmento de floresta ombrófila mista no sul do Paraná | |
| 650 | _aFLORESTA NATIVA | ||
| 650 | _aCRESCIMENTO | ||
| 650 | _aÁREA BASAL | ||
| 650 | _aMANEJO | ||
| 773 | 0 |
_tFloresta (Brazil) _xISSN 0015-3826 _g(Jan-Mar 2015), v. 45(1) p. 151-162 _wBR2015007068 |
|
| 909 |
_a202311 _bLúcia _c55 _dLúcia Elande |
||
| 942 |
_2AGRIS _n0 _cANA |
||
| 999 |
_c247167 _d247167 |
||